Rappeurs Français #7 - Statistiques

Statistiques générales
  • Ce quiz a été pris 620 fois
  • Le résultat moyen est 10 sur 16
Statistiques - réponses
Par images Réponse % Correct
Black M
98%
Naza
96%
Orelsan
95%
Vald
95%
Soolking
87%
SDM
83%
MHD
81%
Werenoi
73%
Lomepal
71%
Team BS
45%
Keblack
41%
Vegedream
29%
The Shin Sekaï
24%
Graya
18%
Abou Debeing
13%
Lossa
10%
Aucun quiz correspondant
Distribution des résultats
% des personnes avec chaque résultat
Percentile par nombre de réponses
Votre historique - résultats
Vous n’avez pas pris ce quiz